Science Quiz

Random Science or Elements Quiz

Element Trivia by Numbers Quiz Stats

Quiz Updated Jun 21, 2015

Challenge
Share
Tweet
Embed
Score 0/0 Timer 00:00
8 Plays Today
% Correct
Hydrogen
90.4%
Hydrogen
90.4%
Gold (Au)
87.8%
Mercury
86.7%
Mercury (Hg)
86.7%
Helium
86.6%
Silver (Ag)
85.9%
Oxygen
83.6%
Oxygen (3.44)
83.6%
Potassium (K)
83.5%
Potassium
83.5%
Iron
79.9%
Iron (Fe)
79.9%
Sodium (Na)
76.7%
Sodium
76.7%
Neon
75.7%
Nitrogen
75.4%
Nitrogen (3.04)
75.4%
Einsteinium (Albert Einstein)
74.9%
Argon
72.7%
Lithium
71%
Lead (Pb)
70.6%
Tin (Sn)
68.1%
Xenon
67.4%
Tungsten (W)
63.9%
Krypton
61.7%
Krypton (3.00)
61.7%
Chlorine (3.16)
60.7%
% Correct
Fluorine (3.98)
59.9%
Fluorine
59.8%
Curium (Pierre and Marie Curie)
58.2%
Bromine
54.2%
Francium
53.7%
Cesium
50.5%
Antimony (Sb)
46%
Rutherfordium (Ernest Rutherford)
44%
Sulfur
42.8%
Yttrium
41.2%
Rubidium
40.4%
Nickel
40.3%
Bohrium (Niels Bohr)
39.6%
Bohrium
39.6%
Ytterbium
38.7%
Cobalt
37.8%
Seaborgium (Glenn Seaborg)
32.2%
Lawrencium (Ernest Lawrence)
31.4%
Erbium
28.7%
Fermium (Enrico Fermi)
28.4%
Terbium
26.4%
Meitnerium
24%
Roentgenium (Wilhelm Röntgen)
23.1%
Roentgenium
23%
Darmstadtium
22.9%
Copernicium
21.5%
Hassium
21.1%

You're not logged in!

Compare scores with friends on all Sporcle quizzes.
Sign Up with Email
OR
Log In

You Might Also Like...

Show Comments

Extras

Top Quizzes Today


Score Distribution

Your Account Isn't Verified!

In order to create a playlist on Sporcle, you need to verify the email address you used during registration. Go to your Sporcle Settings to finish the process.

Report this User

Report this user for behavior that violates our Community Guidelines.

Details: